000 00677cam a22002172 4500
001 0000019880
005 20151217152203.0
008 110302s xx 000 0 eng d
020 _a1856493385 :
040 _aKABU
_cKABU
245 1 0 _aCommunity empowerment :
_ba reader in participation and development /
_cGary Craig and Marjorie Mayo (editors)
250 _a1st ed.
260 _aLondon :
_bZed books,
_c1995.
300 _a229 p.
650 0 _aCommunity development.
_@0000152865
700 1 _aCraig, Gary.
_@0000179868
700 1 _aMayo, Marjorie.
_@0000179869
852 1 _9p2653 KES
908 _a110302
950 _@1
999 _c9110
_d9110